000 00421nam a2200169 i 4500
001 bg
100 1 _aKURSKI, K.
245 0 _aCynkowanie ogniowe /
_cK. Kurski.
260 _aWarszawa :
_bWydawnictwa Naukowo-Techniczne,
_c1970.
490 1 _aBiblioteka Technologa
830 _aBiblioteka Technologa
040 _cBPK
041 _apol
080 _a669.5
942 _cKS
008 s pl f |000 0 pol
999 _c7126
_d7126
856 _uhttp://koha.tu.koszalin.pl/cgi-bin/koha/opac-detail.pl?biblionumber=7126
_yKatalog online BPK